A guide to the project management body of knowledge (Record no. 156)

000 -LEADER
fixed length control field 01619nam a2200457 a 4500
003 - CONTROL NUMBER IDENTIFIER
control field OSt
005 - DATE AND TIME OF LATEST TRANSACTION
control field 20210604090704.0
008 - FIXED-LENGTH DATA ELEMENTS--GENERAL INFORMATION
fixed length control field 041229s2004 pau sb 001 0 eng d
020 ## - INTERNATIONAL STANDARD BOOK NUMBER
Canceled/invalid ISBN 193069945X
040 ## - CATALOGING SOURCE
Transcribing agency CtWfDGI
050 14 - LIBRARY OF CONGRESS CALL NUMBER
Classification number HD69.P75
Item number .G845 2004
245 02 - TITLE STATEMENT
Title A guide to the project management body of knowledge
Remainder of title PMBOK guide, third edition.
250 ## - EDITION STATEMENT
Edition statement 3rd ed.
256 ## - COMPUTER FILE CHARACTERISTICS
Computer file characteristics Computer document.
260 ## - PUBLICATION, DISTRIBUTION, ETC.
Place of publication, distribution, etc. Newtown Square, Pa. :
Name of publisher, distributor, etc. Project Management Institute, Inc.,
Date of publication, distribution, etc. 2004
Place of manufacture (Norwood, Mass. :
Manufacturer Books24x7.com [generator])
336 ## - CONTENT TYPE
Content type term text
Content type code txt
Source rdacontent
337 ## - MEDIA TYPE
Media type term computer
Media type code c
Source rdamedia
338 ## - CARRIER TYPE
Carrier type term online resource
Carrier type code cr
Source rdacarrier
500 ## - GENERAL NOTE
General note Title from title screen.
504 ## - BIBLIOGRAPHY, ETC. NOTE
Bibliography, etc. note Includes bibliographical references and index.
516 ## - TYPE OF COMPUTER FILE OR DATA NOTE
Type of computer file or data note Text.
550 ## - ISSUING BODY NOTE
Issuing body note Digitized and made available by: Books 24x7.com.
650 #0 - SUBJECT ADDED ENTRY--TOPICAL TERM
Topical term or geographic name entry element Project management.
710 2# - ADDED ENTRY--CORPORATE NAME
Corporate name or jurisdiction name as entry element Books24x7, Inc.
710 2# - ADDED ENTRY--CORPORATE NAME
Corporate name or jurisdiction name as entry element Project Management Institute.
856 40 - ELECTRONIC LOCATION AND ACCESS
Uniform Resource Identifier https://mit-library.skillport.com/skillportfe/main.action?assetid=9342
910 ## - USER-OPTION DATA (OCLC)
User-option data MARCIVEAUT
942 ## - ADDED ENTRY ELEMENTS (KOHA)
Source of classification or shelving scheme
Koha item type Book
Suppress in OPAC JO
946 ## - LOCAL PROCESSING INFORMATION (OCLC)
m books24x7
949 #1 - LOCAL PROCESSING INFORMATION (OCLC)
1 MIT Access Only
a n-mit
b NET
h **See URL(s)
o 8
x 02

No items available.

Powered by Koha